[Event "Deutsche Ländermeisterschaft 2003"]
[Site "Kassel GER"]
[Date "2003.10.20"]
[Round "2"]
[White "Wortmann, Jonas"]
[Black "Hobusch, Alexander"]
[Result "1-0"]
[Termination "normal"]
[Board "3.6"]
[WhiteElo "1734"]
[BlackElo "1771"]
[WhiteTeam "Rheinland-Pfalz"]
[BlackTeam "Nordrhein-Westfalen"]
[PlyCount "85"]
[WhiteFideId "24628069"]
[BlackFideId "24611387"]
[EventCountry "GER"]
[EventRounds "7"]
[EventType "team-swiss"]
[EventDate "2003.10.18"]

1. e4 e6 2. d4 d5 3. e5 c5 4. c3 Nc6 5. Nf3 Bd7 6. a3 f6 7. exf6 Nxf6 8. b4
cxd4 9. cxd4 Bd6 10. Bb2 O-O 11. Bd3 Qe8 12. Ne5 Bxe5 13. dxe5 Nh5 14. O-O Nf4
15. Re1 Nxd3 16. Qxd3 Qf7 17. f3 Ne7 18. Nd2 Ba4 19. Nb3 Bxb3 20. Qxb3 Rfc8 21.
Rac1 Qe8 22. a4 b5 23. a5 Rxc1 24. Rxc1 Rc8 25. Qe3 Rxc1+ 26. Qxc1 Qd7 27. Qc5
Nf5 28. g4 Ne7 29. Kg2 Kf7 30. h4 a6 31. f4 Qc6 32. Bd4 Qxc5 33. Bxc5 h5 34.
Bxe7 Kxe7 35. gxh5 Kf7 36. Kg3 Kg8 37. Kf3 Kh7 38. Ke3 Kh6 39. Kd4 Kxh5 40. f5
exf5 41. Kxd5 f4 42. e6 Kg6 43. Kd6 1-0

[Event "Deutsche Ländermeisterschaft 2003"]
[Site "Kassel GER"]
[Date "2003.10.20"]
[Round "2"]
[White "Becher, Anne"]
[Black "van Orsouw, Svenja"]
[Result "0-1"]
[Termination "normal"]
[Board "3.8"]
[WhiteElo "1355"]
[BlackElo "1313"]
[WhiteTeam "Rheinland-Pfalz"]
[BlackTeam "Nordrhein-Westfalen"]
[PlyCount "102"]
[BlackFideId "24677124"]
[EventCountry "GER"]
[EventRounds "7"]
[EventType "team-swiss"]
[EventDate "2003.10.18"]

1. c4 e5 2. Nc3 Nf6 3. g3 Bc5 4. Bg2 c6 5. b3 d5 6. Bb2 dxc4 7. bxc4 Nbd7 8. a3
a6 9. e3 Qc7 10. Nge2 Rb8 11. d4 Be7 12. Rb1 O-O 13. O-O Rd8 14. Ne4 exd4 15.
exd4 Nxe4 16. Bxe4 Nf6 17. Bg2 Bf5 18. Rc1 Qb6 19. Qd2 Ne4 20. Bxe4 Bxe4 21. c5
Bxc5 22. dxc5 Rxd2 23. cxb6 Rxb2 24. Nc3 Bf5 25. Na4 Re2 26. Nc5 Re7 27. Rfe1
Rbe8 28. Rf1 Bc8 29. Rcd1 Bh3 30. a4 Bxf1 31. Kxf1 g6 32. Kg2 Kg7 33. Kf1 Ra8
34. a5 Kf6 35. f4 Kf5 36. Kf2 Rae8 37. Rd2 h6 38. h3 g5 39. fxg5 hxg5 40. g4+
Ke5 41. Nd3+ Kd4 42. Ne1+ Kc5 43. Nd3+ Kc4 44. Nc1 Re3 45. Re2 Rxe2+ 46. Nxe2
Kb4 47. Nc1 c5 48. Na2+ Kb3 49. Nc1+ Kc2 50. Na2 Re4 51. Kf3 Ra4 0-1

[Event "Deutsche Ländermeisterschaft 2003"]
[Site "Kassel GER"]
[Date "2003.10.20"]
[Round "2"]
[White "Nazarenus, Moritz"]
[Black "Schaffer, Hendrik"]
[Result "1/2-1/2"]
[Termination "normal"]
[Board "4.1"]
[WhiteElo "2111"]
[BlackElo "2215"]
[WhiteTeam "Hessen 2"]
[BlackTeam "Hessen 1"]
[PlyCount "22"]
[WhiteFideId "4670540"]
[BlackFideId "4663080"]
[EventCountry "GER"]
[EventRounds "7"]
[EventType "team-swiss"]
[EventDate "2003.10.18"]

1. d4 Nf6 2. c4 g6 3. Nc3 Bg7 4. e4 d6 5. f3 O-O 6. Be3 c6 7. Bd3 a6 8. Nge2 e5
9. d5 cxd5 10. cxd5 Nbd7 11. Qd2 b5 1/2-1/2

[Event "Deutsche Ländermeisterschaft 2003"]
[Site "Kassel GER"]
[Date "2003.10.20"]
[Round "2"]
[White "Bravo Lutz, Sebastian"]
[Black "Kuhn, Ulf"]
[Result "0-1"]
[Termination "normal"]
[Board "4.2"]
[WhiteElo "2186"]
[BlackElo "2013"]
[WhiteTeam "Hessen 1"]
[BlackTeam "Hessen 2"]
[PlyCount "136"]
[WhiteFideId "4671082"]
[BlackFideId "4693604"]
[EventCountry "GER"]
[EventRounds "7"]
[EventType "team-swiss"]
[EventDate "2003.10.18"]

1. e4 e6 2. d3 d5 3. Qe2 dxe4 4. dxe4 b6 5. c3 Ba6 6. Qc2 Bxf1 7. Kxf1 Nc6 8.
Nf3 e5 9. Nbd2 Qd7 10. Nc4 Rd8 11. Ke2 Nf6 12. h3 Be7 13. Bg5 O-O 14. Bxf6 Bxf6
15. Ne3 Qc8 16. Qa4 Qd7 17. Qa6 Ne7 18. Rhd1 Qc6 19. Qc4 Qxc4+ 20. Nxc4 Nc6 21.
a4 a6 22. Rd5 Rxd5 23. exd5 Ne7 24. Ne3 Rd8 25. c4 e4 26. Nd2 Bxb2 27. Rb1 Be5
28. Nxe4 h5 29. g3 Nc8 30. f4 Bd6 31. a5 bxa5 32. c5 Bf8 33. g4 hxg4 34. hxg4
a4 35. Kd3 Na7 36. g5 a3 37. Rh1 Nb5 38. Ng4 Rxd5+ 39. Kc2 Rf5 40. Ne5 Rxf4 41.
g6 fxg6 42. Rh8+ Kxh8 43. Nxg6+ Kg8 44. Nxf4 Kf7 45. Kb3 Be7 46. Nd5 a5 47. Ne3
Ke6 48. Ka4 Nd4 49. Kxa3 Ke5 50. Nd2 Bxc5+ 51. Ka4 Bb6 52. Ndc4+ Ke4 53. Ng4 g5
54. Nf6+ Kf3 55. Ne5+ Kg3 56. Nh5+ Kh3 57. Nf6 Ne6 58. Kb5 Bd4 59. Nfd7 Bxe5
60. Nxe5 g4 61. Kxa5 g3 62. Kb5 g2 63. Nf3 Kg3 64. Ng1 Kf2 65. Nh3+ Kf1 66. Kc6
g1=Q 67. Nxg1 Kxg1 68. Kd7 c5 0-1

[Event "Deutsche Ländermeisterschaft 2003"]
[Site "Kassel GER"]
[Date "2003.10.20"]
[Round "2"]
[White "Elstner, Eik"]
[Black "Rohde, Torsten"]
[Result "1/2-1/2"]
[Termination "normal"]
[Board "4.3"]
[WhiteElo "2078"]
[BlackElo "2102"]
[WhiteTeam "Hessen 2"]
[BlackTeam "Hessen 1"]
[PlyCount "53"]
[WhiteFideId "24605581"]
[BlackFideId "4665007"]
[EventCountry "GER"]
[EventRounds "7"]
[EventType "team-swiss"]
[EventDate "2003.10.18"]

1. d4 Nf6 2. c4 e6 3. Nc3 c5 4. d5 d6 5. e4 exd5 6. cxd5 g6 7. f4 Bg7 8. Bb5+
Nbd7 9. e5 dxe5 10. fxe5 Nh5 11. e6 Qh4+ 12. g3 Nxg3 13. exd7+ Bxd7 14. Bxd7+
Kxd7 15. hxg3 Qxh1 16. Qg4+ f5 17. Qa4+ Kc8 18. Be3 Bxc3+ 19. bxc3 Qxd5 20. Rd1
Qe6 21. Kf2 Rd8 22. Re1 Qd7 23. Qa3 Re8 24. Qxc5+ Qc6 25. Qd4 a5 26. Bg5 b5 27.
Rd1 1/2-1/2

[Event "Deutsche Ländermeisterschaft 2003"]
[Site "Kassel GER"]
[Date "2003.10.20"]
[Round "2"]
[White "Sohl, Jan"]
[Black "Rogalski, Yuriy"]
[Result "1/2-1/2"]
[Termination "normal"]
[Board "4.4"]
[WhiteElo "1847"]
[BlackElo "1776"]
[WhiteTeam "Hessen 1"]
[BlackTeam "Hessen 2"]
[PlyCount "33"]
[WhiteFideId "4698070"]
[BlackFideId "24605352"]
[EventCountry "GER"]
[EventRounds "7"]
[EventType "team-swiss"]
[EventDate "2003.10.18"]

1. e4 c5 2. Nf3 d6 3. d4 cxd4 4. Nxd4 Nf6 5. Nc3 g6 6. Be3 Bg7 7. f3 Nc6 8. Qd2
O-O 9. Bc4 Bd7 10. O-O-O Qa5 11. Bb3 Rfc8 12. h4 h5 13. Kb1 Ne5 14. Bg5 Nc4 15.
Qd3 Ne5 16. Qd2 Nc4 17. Qd3 1/2-1/2

[Event "Deutsche Ländermeisterschaft 2003"]
[Site "Kassel GER"]
[Date "2003.10.20"]
[Round "2"]
[White "Poetsch, Hagen"]
[Black "Wolk, Friederike"]
[Result "1/2-1/2"]
[Termination "normal"]
[Board "4.5"]
[WhiteElo "1717"]
[BlackElo "1997"]
[WhiteTeam "Hessen 2"]
[BlackTeam "Hessen 1"]
[PlyCount "40"]
[WhiteFideId "24615137"]
[BlackFideId "4693400"]
[EventCountry "GER"]
[EventRounds "7"]
[EventType "team-swiss"]
[EventDate "2003.10.18"]

1. e4 c5 2. Nf3 Nc6 3. d4 cxd4 4. Nxd4 g6 5. c4 Bg7 6. Be3 Nf6 7. Nc3 O-O 8.
Be2 d6 9. O-O Bd7 10. Rc1 Nxd4 11. Bxd4 Bc6 12. f3 a5 13. Qd2 Nd7 14. Bxg7 Kxg7
15. Rfd1 Qb6+ 16. Kh1 Rfc8 17. Nd5 Qd8 18. f4 Bxd5 19. Qxd5 Nb6 20. Qd4+ Kg8
1/2-1/2

[Event "Deutsche Ländermeisterschaft 2003"]
[Site "Kassel GER"]
[Date "2003.10.20"]
[Round "2"]
[White "Leisner, Hannes"]
[Black "Krämer, Martin"]
[Result "0-1"]
[Termination "normal"]
[Board "5.1"]
[WhiteElo "1994"]
[BlackElo "2213"]
[WhiteTeam "Mecklenburg-Vorpommern"]
[BlackTeam "Thüringen"]
[PlyCount "68"]
[WhiteFideId "4692705"]
[BlackFideId "4671910"]
[EventCountry "GER"]
[EventRounds "7"]
[EventType "team-swiss"]
[EventDate "2003.10.18"]

1. e4 c5 2. Nf3 Nc6 3. d4 cxd4 4. Nxd4 Nf6 5. Nc3 d6 6. Bc4 e6 7. Be3 a6 8. Qe2
Bd7 9. O-O-O Be7 10. Rhg1 Qc7 11. g4 h6 12. f4 b5 13. Bd3 b4 14. Nb1 Nxd4 15.
Bxd4 e5 16. Be3 Bc6 17. Nd2 d5 18. exd5 Nxd5 19. fxe5 Nxe3 20. Qxe3 O-O 21. e6
Bg5 22. exf7+ Qxf7 23. Qc5 Kh8 24. Rgf1 Bf3 25. h4 Rac8 26. Qxc8 Bxd2+ 27. Rxd2
Rxc8 28. Rdf2 Qf4+ 29. Kb1 Re8 30. a4 Re3 31. g5 b3 32. g6 Qe5 33. cxb3 Rxd3
34. Ka2 Qd5 0-1

[Event "Deutsche Ländermeisterschaft 2003"]
[Site "Kassel GER"]
[Date "2003.10.20"]
[Round "2"]
[White "Lange, Corinna"]
[Black "Zentgraf, Robert"]
[Result "0-1"]
[Termination "normal"]
[Board "5.2"]
[WhiteElo "2142"]
[BlackElo "2083"]
[WhiteTeam "Thüringen"]
[BlackTeam "Mecklenburg-Vorpommern"]
[PlyCount "72"]
[BlackFideId "4676483"]
[EventCountry "GER"]
[EventRounds "7"]
[EventType "team-swiss"]
[EventDate "2003.10.18"]

1. e4 c5 2. Nf3 d6 3. d4 cxd4 4. Nxd4 Nf6 5. Nc3 g6 6. Be3 Bg7 7. f3 O-O 8. Qd2
Nc6 9. Nb3 Be6 10. Nd5 Rc8 11. O-O-O Ne5 12. Bh6 Nxd5 13. Bxg7 Kxg7 14. exd5
Bf5 15. Nd4 Bd7 16. h4 h5 17. g4 Rh8 18. g5 Qb6 19. b3 Rc5 20. f4 Ng4 21. Bg2
Qa5 22. Kb2 Qxd2 23. Rxd2 Ne3 24. c4 b5 25. Bh3 bxc4 26. Re2 Bxh3 27. Rxe3 Rxd5
28. Kc3 e5 29. Rexh3 Rxd4 30. fxe5 dxe5 31. Re1 cxb3 32. Rxe5 bxa2 33. Ra5 Rd7
34. Rxa2 Rc8+ 35. Kb3 Rb8+ 36. Ka3 Rd6 0-1

[Event "Deutsche Ländermeisterschaft 2003"]
[Site "Kassel GER"]
[Date "2003.10.20"]
[Round "2"]
[White "Janotta, Steffi"]
[Black "Siebarth, Raiko"]
[Result "0-1"]
[Termination "normal"]
[Board "5.3"]
[WhiteElo "1766"]
[BlackElo "2117"]
[WhiteTeam "Mecklenburg-Vorpommern"]
[BlackTeam "Thüringen"]
[PlyCount "140"]
[WhiteFideId "4696344"]
[BlackFideId "4674766"]
[EventCountry "GER"]
[EventRounds "7"]
[EventType "team-swiss"]
[EventDate "2003.10.18"]

1. e4 c5 2. Nf3 d6 3. d4 cxd4 4. Nxd4 Nf6 5. Nc3 a6 6. Be3 e5 7. Nb3 Be7 8. f3
Be6 9. Nd5 Bxd5 10. exd5 Qc7 11. c4 a5 12. Bd3 O-O 13. O-O b6 14. f4 a4 15. Nd2
exf4 16. Rxf4 Nbd7 17. Nf3 b5 18. Nd4 bxc4 19. Bxc4 Ne5 20. Nb5 Qb7 21. Nc3
Qxb2 22. Nxa4 Qb4 23. Bb3 Qb5 24. Rb1 Rfb8 25. Nc3 Qd3 26. Qxd3 Nxd3 27. Rc4
Bd8 28. Rc6 Ba5 29. Bd4 Bxc3 30. Rxc3 Nf4 31. Bxf6 gxf6 32. Re1 Re8 33. Rce3
Re5 34. g3 Nd3 35. Rxe5 fxe5 36. Rd1 Nb4 37. Rd2 f5 38. Kf2 Kg7 39. Ke3 Kf6 40.
Rf2 Ra3 41. Rb2 Nxa2 42. Kd2 Nb4 43. Bc4 Na6 44. Rb6 Nc5 45. Rxd6+ Kg5 46. Rd8
Ne4+ 47. Ke2 Ra4 48. Kd3 Ra1 49. Kc2 Rh1 50. h4+ Kg4 51. d6 Rh2+ 52. Kc1 Nxd6
53. Rxd6 Kxg3 54. Rf6 Rxh4 55. Bd5 Rh5 56. Kd2 Kf2 57. Rf7 h6 58. Rf6 f4 59.
Be4 Rh3 60. Re6 Re3 61. Rxe5 h5 62. Re6 h4 63. Bf5 h3 64. Bxh3 Rxh3 65. Rf6 f3
66. Rf7 Rh8 67. Kd3 Rd8+ 68. Ke4 Ke2 69. Re7 f2 70. Kf4+ Kd1 0-1

[Event "Deutsche Ländermeisterschaft 2003"]
[Site "Kassel GER"]
[Date "2003.10.20"]
[Round "2"]
[White "Stemmler, Lysan"]
[Black "Forchmann, Anneliese"]
[Result "0-1"]
[Termination "normal"]
[Board "5.5"]
[WhiteElo "1686"]
[BlackElo "1627"]
[WhiteTeam "Mecklenburg-Vorpommern"]
[BlackTeam "Thüringen"]
[PlyCount "58"]
[WhiteFideId "24622451"]
[EventCountry "GER"]
[EventRounds "7"]
[EventType "team-swiss"]
[EventDate "2003.10.18"]

1. e4 e6 2. d4 d5 3. Nc3 Bb4 4. e5 Ne7 5. a3 Bxc3+ 6. bxc3 c5 7. Qg4 O-O 8. Bd3
f5 9. Qg3 Nbc6 10. Nf3 Ng6 11. h4 Qb6 12. h5 Nge7 13. Bg5 Rf7 14. Nh4 cxd4 15.
Ng6 hxg6 16. Bxe7 Nxe7 17. hxg6 Nxg6 18. Qxg6 dxc3 19. Ke2 Qd4 20. Rh8+ Kxh8
21. Qxf7 Qxe5+ 22. Kf3 Qh2 23. Qe8+ Kh7 24. g3 d4 25. Bf1 b6 26. Qf7 Rb8 27.
Ke2 Ba6+ 28. Kf3 Qh1+ 29. Bg2 Qxa1 0-1

[Event "Deutsche Ländermeisterschaft 2003"]
[Site "Kassel GER"]
[Date "2003.10.20"]
[Round "2"]
[White "Forchmann, Georg"]
[Black "Friedrich, Paul-Robert"]
[Result "0-1"]
[Termination "normal"]
[Board "5.6"]
[WhiteElo "1627"]
[BlackElo "1580"]
[WhiteTeam "Thüringen"]
[BlackTeam "Mecklenburg-Vorpommern"]
[PlyCount "96"]
[BlackFideId "24616036"]
[EventCountry "GER"]
[EventRounds "7"]
[EventType "team-swiss"]
[EventDate "2003.10.18"]

1. e4 e6 2. d4 d5 3. Nc3 Bb4 4. e5 c5 5. a3 cxd4 6. Qxd4 Nc6 7. Bb5 Bxc3+ 8.
Qxc3 Nge7 9. Nf3 Bd7 10. Bd3 Rc8 11. O-O Ng6 12. Bxg6 hxg6 13. Bg5 Ne7 14. Qb3
Qc7 15. Bxe7 Kxe7 16. Qb4+ Ke8 17. c3 f6 18. Qd4 Kf7 19. exf6 gxf6 20. Qxa7 e5
21. Nd2 Rh5 22. Qe3 Rch8 23. Qg3 Rg5 24. Qe3 d4 25. Qd3 e4 26. Qc4+ Qxc4 27.
Nxc4 Bh3 28. g3 Bxf1 29. Rxf1 Rd5 30. cxd4 Rxd4 31. Rc1 Ke6 32. Na5 Rh7 33. h4
Rhd7 34. Kg2 Rd2 35. Nb3 Rd1 36. Rc2 Kf5 37. Rc5+ R7d5 38. Rc7 Rb5 39. Rc3 Rd3
40. Rc5+ Rxc5 41. Nxc5 Rd2 42. g4+ Kf4 43. Kf1 Rxb2 44. h5 Kxg4 45. hxg6 Kf3
46. Ke1 Rxf2 47. Nxb7 Rg2 48. Nd6 e3 0-1

[Event "Deutsche Ländermeisterschaft 2003"]
[Site "Kassel GER"]
[Date "2003.10.20"]
[Round "2"]
[White "Eckoldt, Katja"]
[Black "Anton, Florian"]
[Result "0-1"]
[Termination "normal"]
[Board "5.8"]
[WhiteElo "1206"]
[BlackElo "890"]
[WhiteTeam "Thüringen"]
[BlackTeam "Mecklenburg-Vorpommern"]
[PlyCount "76"]
[EventCountry "GER"]
[EventRounds "7"]
[EventType "team-swiss"]
[EventDate "2003.10.18"]

1. e4 e5 2. Nf3 Nf6 3. d3 Nc6 4. Nc3 d5 5. exd5 Nxd5 6. Nxd5 Qxd5 7. Be2 Bc5 8.
O-O Nd4 9. Nxd4 exd4 10. Re1 O-O 11. Bg4 Bxg4 12. Qxg4 g6 13. Bh6 Rfe8 14.
Rxe8+ Rxe8 15. Qf4 c6 16. Qf6 Bf8 17. Bxf8 Rxf8 18. b3 Re8 19. Qf4 Qa5 20. g3
Qc3 21. Rc1 Re1+ 22. Rxe1 Qxe1+ 23. Kg2 Qc3 24. Qb8+ Kg7 25. Qxb7 Qxc2 26. Qxa7
Qxd3 27. Qc5 Qe4+ 28. Kf1 d3 29. Qc3+ Kg8 30. Kg1 Qe2 31. Qd4 d2 32. Qd8+ Kg7
33. Qd4+ f6 34. Qd7+ Kh6 35. Qh3+ Qh5 36. Qxh5+ Kxh5 37. a4 d1=Q+ 38. Kg2 Qxb3
0-1

[Event "Deutsche Ländermeisterschaft 2003"]
[Site "Kassel GER"]
[Date "2003.10.20"]
[Round "2"]
[White "Döhn, Raphael"]
[Black "Zimmermann, Hendrik"]
[Result "0-1"]
[Termination "normal"]
[Board "6.1"]
[WhiteElo "2101"]
[BlackElo "2115"]
[WhiteTeam "Sachsen"]
[BlackTeam "Hessen 3"]
[PlyCount "58"]
[WhiteFideId "4695291"]
[BlackFideId "4686225"]
[EventCountry "GER"]
[EventRounds "7"]
[EventType "team-swiss"]
[EventDate "2003.10.18"]

1. e4 e6 2. d4 d5 3. Nc3 Bb4 4. e5 c5 5. a3 Bxc3+ 6. bxc3 Qa5 7. Bd2 Qa4 8. Nf3
b6 9. Be3 Nd7 10. Nd2 Ne7 11. h4 Ba6 12. Rh3 Rc8 13. Bd3 cxd4 14. cxd4 Bxd3 15.
cxd3 Qa6 16. Qb3 O-O 17. Nf3 Rc7 18. Bd2 Rfc8 19. Ke2 Nc6 20. Rhh1 f6 21. exf6
Nxf6 22. Rhc1 Ne4 23. Qb2 Nxd2 24. Kxd2 Qa4 25. Qc2 Qa5+ 26. Ke3 Nxd4 27. Qxc7
Rxc7 28. Rxc7 Nxf3 29. gxf3 d4+ 0-1

[Event "Deutsche Ländermeisterschaft 2003"]
[Site "Kassel GER"]
[Date "2003.10.20"]
[Round "2"]
[White "Beltz, Franziska"]
[Black "Rubel, Julian"]
[Result "1-0"]
[Termination "normal"]
[Board "6.3"]
[WhiteElo "1987"]
[BlackElo "2136"]
[WhiteTeam "Sachsen"]
[BlackTeam "Hessen 3"]
[PlyCount "67"]
[WhiteFideId "4681401"]
[BlackFideId "24605980"]
[EventCountry "GER"]
[EventRounds "7"]
[EventType "team-swiss"]
[EventDate "2003.10.18"]

1. e4 c5 2. Nf3 e6 3. d4 cxd4 4. Nxd4 a6 5. Bd3 Qc7 6. O-O Bc5 7. Nb3 Be7 8. f4
d6 9. Nc3 Nf6 10. Qf3 Nbd7 11. Be3 b5 12. Rae1 Bb7 13. Qg3 b4 14. Nd1 O-O 15.
Bd2 Rfe8 16. Kh1 a5 17. e5 Nd5 18. Nd4 Nc5 19. f5 dxe5 20. fxe6 Bf6 21. exf7+
Qxf7 22. Nf5 Qf8 23. Bc4 Kh8 24. Nf2 e4 25. Ng4 Rad8 26. Bc1 Bc6 27. Bxd5 Bxd5
28. Nxf6 Qxf6 29. Bg5 Qxb2 30. Nxg7 Nd7 31. Nxe8 Rxe8 32. Qd6 Qg7 33. Qxd5 Re5
34. Qa8+ 1-0

[Event "Deutsche Ländermeisterschaft 2003"]
[Site "Kassel GER"]
[Date "2003.10.20"]
[Round "2"]
[White "Beltz, Carmen"]
[Black "Schäfer, Paul"]
[Result "1/2-1/2"]
[Termination "normal"]
[Board "6.5"]
[WhiteElo "1752"]
[BlackElo "1382"]
[WhiteTeam "Sachsen"]
[BlackTeam "Hessen 3"]
[PlyCount "64"]
[WhiteFideId "24608726"]
[BlackFideId "24605360"]
[EventCountry "GER"]
[EventRounds "7"]
[EventType "team-swiss"]
[EventDate "2003.10.18"]

1. e4 e5 2. Nf3 Nc6 3. Nc3 Nf6 4. d4 exd4 5. Nxd4 Bc5 6. Nf5 O-O 7. Bd3 d6 8.
O-O Bxf5 9. exf5 Ne5 10. Bg5 h6 11. Bh4 Ned7 12. Kh1 c6 13. Ne4 d5 14. Nxc5
Nxc5 15. g4 Nxd3 16. Qxd3 Qd6 17. Rg1 Nh7 18. g5 hxg5 19. Bxg5 Nxg5 20. Rxg5 f6
21. Rg6 Kf7 22. Rag1 Rg8 23. Qh3 Qe7 24. Qh7 Qe4+ 25. R1g2 Qe1+ 26. Rg1 Qe4+
27. R6g2 Raf8 28. Qh5+ Ke7 29. f3 Qf4 30. Rxg7+ Rxg7 31. Rxg7+ Kd6 32. Rg1 Rh8
1/2-1/2

[Event "Deutsche Ländermeisterschaft 2003"]
[Site "Kassel GER"]
[Date "2003.10.20"]
[Round "2"]
[White "Popovic, Nathalie"]
[Black "Hänse, Felix"]
[Result "0-1"]
[Termination "normal"]
[Board "6.6"]
[WhiteElo "1409"]
[BlackElo "1735"]
[WhiteTeam "Hessen 3"]
[BlackTeam "Sachsen"]
[PlyCount "30"]
[WhiteFideId "24630292"]
[EventCountry "GER"]
[EventRounds "7"]
[EventType "team-swiss"]
[EventDate "2003.10.18"]

1. d4 Nf6 2. c4 g6 3. Nc3 Bg7 4. e4 d6 5. f3 O-O 6. Be3 Nbd7 7. Qd2 e5 8. d5
Ne8 9. Bh6 Qh4+ 10. g3 Qxh6 11. Qg2 Nc5 12. Rd1 f5 13. Bd3 Nxd3+ 14. Rxd3 fxe4
15. fxe4 Bg4 0-1

[Event "Deutsche Ländermeisterschaft 2003"]
[Site "Kassel GER"]
[Date "2003.10.20"]
[Round "2"]
[White "Schmucklermann, Alexandra"]
[Black "Demmler, Julia"]
[Result "0-1"]
[Termination "normal"]
[Board "6.8"]
[WhiteElo "846"]
[BlackElo "1156"]
[WhiteTeam "Hessen 3"]
[BlackTeam "Sachsen"]
[PlyCount "50"]
[EventCountry "GER"]
[EventRounds "7"]
[EventType "team-swiss"]
[EventDate "2003.10.18"]

1. e4 e5 2. Nf3 Nc6 3. Nc3 Bc5 4. Nxe5 Nxe5 5. d4 Bd6 6. dxe5 Bxe5 7. Bd3 Nf6
8. O-O O-O 9. Bg5 h6 10. Be3 Re8 11. Qe2 b6 12. f4 Bxc3 13. bxc3 Nxe4 14. Bxe4
Rxe4 15. Qd3 Qe7 16. Rae1 Bb7 17. Re2 a5 18. Rfe1 Ba6 19. Qd5 c6 20. Qf5 Bxe2
21. Rxe2 Rxe3 22. Rxe3 Qxe3+ 23. Kf1 Re8 24. g3 Qf3+ 25. Kg1 Re1# 0-1